[Event "Quebec op"]
[Site "Montreal CAN"]
[Date "2012.07.22"]
[Round "2"]
[White "Sambuev, Bator"]
[Black "Calugar, Arthur"]
[Result "0-1"]
[WhiteElo "2542"]
[BlackElo "2273"]
[PlyCount "62"]
[GameId "2160767909441961"]
[EventDate "2012.07.21"]
[EventType "swiss"]
[EventRounds "9"]
[EventCountry "CAN"]
[SourceTitle "CBM 149 Extra"]
[Source "ChessBase"]
[SourceDate "2012.08.24"]
[SourceVersion "1"]
[SourceVersionDate "2012.08.24"]
[SourceQuality "1"]

1. d4 Nf6 2. c4 g6 3. f3 d5 4. cxd5 Nxd5 5. e4 Nb6 6. a4 a5 7. Nc3 Bg7 8. Be3 O-O 9. h4 Nc6 10. Nb5 Nb4 11. h5 c6 12. Na3 e5 13. hxg6 hxg6 14. Qd2 exd4 15. Bh6 Qf6 16. Bg5 Qd6 17. Bf4 Be5 18. g3 Rd8 19. Qh2 Be6 20. g4 Nd7 21. Nc4 Bxc4 22. Qh7+ Kf8 23. Bxc4 Nd5 24. Bd2 Ke7 25. Qh4+ N7f6 26. Ne2 Rh8 27. Qxh8 Rxh8 28. Rxh8 Ne3 29. Bxe3 dxe3 30. Ba2 Nxe4 31. fxe4 Bxh8 0-1

[Event "Quebec op"]
[Site "Montreal CAN"]
[Date "2012.07.22"]
[Round "2"]
[White "Sarrazin-Gendron, Roman"]
[Black "Gilbert, Erick"]
[Result "1-0"]
[WhiteElo "1938"]
[BlackElo "1808"]
[PlyCount "63"]
[GameId "2160767909441962"]
[EventDate "2012.07.21"]
[EventType "swiss"]
[EventRounds "9"]
[EventCountry "CAN"]
[SourceTitle "EXT 2022"]
[Source "ChessBase"]
[SourceDate "2021.10.06"]
[SourceVersion "1"]
[SourceVersionDate "2021.10.06"]
[SourceQuality "1"]

1. e4 c5 2. Nf3 g6 3. c4 Nc6 4. d4 cxd4 5. Nxd4 Bg7 6. Be3 Nf6 7. Nc3 d6 8. Be2 Bd7 9. f3 O-O 10. Qd2 Ne5 11. Rc1 a6 12. b3 Qa5 13. O-O Rfc8 14. a4 Nc6 15. Rfd1 Qd8 16. Nc2 Be6 17. Bf2 Nd7 18. Rb1 Nce5 19. Ne3 Rab8 20. Ned5 Bxd5 21. Nxd5 Rc6 22. f4 Bh6 23. Qe1 e6 24. fxe5 exd5 25. exd5 Rcc8 26. exd6 Bf8 27. Bg3 Qb6+ 28. Qf2 Qb4 29. Qf4 Re8 30. Rf1 f6 31. Bg4 Rbd8 32. Be6+ 1-0

[Event "Quebec op"]
[Site "Montreal CAN"]
[Date "2012.07.22"]
[Round "2"]
[White "Smith, Bryan G"]
[Black "Oliva Castaneda, Kevel"]
[Result "1-0"]
[WhiteElo "2441"]
[BlackElo "2320"]
[PlyCount "51"]
[GameId "2160767909441963"]
[EventDate "2012.07.21"]
[EventType "swiss"]
[EventRounds "9"]
[EventCountry "CAN"]
[SourceTitle "CBM 149 Extra"]
[Source "ChessBase"]
[SourceDate "2012.08.24"]
[SourceVersion "1"]
[SourceVersionDate "2012.08.24"]
[SourceQuality "1"]

1. e4 c5 2. Nc3 g6 3. d4 cxd4 4. Qxd4 Nf6 5. Nf3 Nc6 6. Qa4 d6 7. e5 dxe5 8. Nxe5 Qd4 9. Nc4 Ng4 10. Be3 Nxe3 11. fxe3 Qd8 12. Rd1 Bd7 13. Rxd7 Qxd7 14. Nb6 Qd8 15. Nxa8 Qxa8 16. Bb5 e6 17. Qd4 Rg8 18. O-O a6 19. Qf6 Rg7 20. Bxc6+ bxc6 21. Ne4 Qd8 22. Qe5 Qb6 23. Nf6+ Kd8 24. Rd1+ Kc8 25. Nd7 Qb4 26. c3 1-0

[Event "Quebec op"]
[Site "Montreal CAN"]
[Date "2012.07.22"]
[Round "2"]
[White "Sumets, Andrey"]
[Black "Thavandiran, Shiyam"]
[Result "1-0"]
[WhiteElo "2618"]
[BlackElo "2301"]
[PlyCount "75"]
[GameId "2160767909441964"]
[EventDate "2012.07.21"]
[EventType "swiss"]
[EventRounds "9"]
[EventCountry "CAN"]
[SourceTitle "CBM 149 Extra"]
[Source "ChessBase"]
[SourceDate "2012.08.24"]
[SourceVersion "1"]
[SourceVersionDate "2012.08.24"]
[SourceQuality "1"]

1. d4 e6 2. g3 c5 3. Nf3 Nc6 4. Bg2 Nf6 5. O-O b5 6. Nc3 b4 7. Na4 cxd4 8. Nxd4 Bb7 9. Bf4 d5 10. c4 bxc3 11. Rc1 Qd7 12. Nxc3 Be7 13. e4 O-O 14. exd5 Nxd4 15. Qxd4 exd5 16. Rfd1 Rfd8 17. Be5 Bc6 18. Qf4 Qb7 19. Ne2 Ne4 20. Bxe4 dxe4 21. Nd4 f6 22. Bc7 Rd7 23. Rxc6 Rxd4 24. Rxd4 Qxc6 25. Qxe4 Qxe4 26. Rxe4 Kf7 27. Ra4 Bc5 28. Rc4 Bf8 29. Bf4 Ke6 30. Kf1 a5 31. Ra4 Kd7 32. Bd2 Rb8 33. b3 Bb4 34. Bxb4 axb4 35. Ra7+ Kc6 36. Rxg7 Ra8 37. Rxh7 Rxa2 38. Rf7 1-0

[Event "Quebec op"]
[Site "Montreal CAN"]
[Date "2012.07.22"]
[Round "2"]
[White "Sun, Mike"]
[Black "Le Duin, Thierry"]
[Result "1-0"]
[WhiteElo "1680"]
[BlackElo "1938"]
[PlyCount "61"]
[GameId "2160767909441965"]
[EventDate "2012.07.21"]
[EventType "swiss"]
[EventRounds "9"]
[EventCountry "CAN"]
[SourceTitle "EXT 2022"]
[Source "ChessBase"]
[SourceDate "2021.10.06"]
[SourceVersion "1"]
[SourceVersionDate "2021.10.06"]
[SourceQuality "1"]

1. e4 d5 2. exd5 Nf6 3. d4 Bg4 4. Nf3 Qxd5 5. Be2 Nc6 6. c4 Qh5 7. Nc3 O-O-O 8. Be3 e6 9. Qa4 Bb4 10. a3 Be7 11. h3 Nd7 12. O-O-O Bxf3 13. Bxf3 Qg6 14. Bxc6 bxc6 15. Qxc6 Nb8 16. Qf3 a6 17. d5 Bf6 18. Na4 exd5 19. cxd5 Rd6 20. Bf4 Bg5 21. Qg4+ Rd7 22. Qxg5 Qe4 23. Nc3 Qc4 24. Qe5 f6 25. Qe4 Qc5 26. Be3 Qd6 27. Kb1 Re7 28. Qc4 Rd7 29. Ne4 Qe5 30. Bf4 Qxf4 31. g3 1-0

[Event "Quebec op"]
[Site "Montreal CAN"]
[Date "2012.07.22"]
[Round "2"]
[White "Yang, Darwin"]
[Black "Piasetski, Leon"]
[Result "1-0"]
[WhiteElo "2498"]
[BlackElo "2290"]
[PlyCount "129"]
[GameId "2160767909441966"]
[EventDate "2012.07.21"]
[EventType "swiss"]
[EventRounds "9"]
[EventCountry "CAN"]
[SourceTitle "CBM 149 Extra"]
[Source "ChessBase"]
[SourceDate "2012.08.24"]
[SourceVersion "1"]
[SourceVersionDate "2012.08.24"]
[SourceQuality "1"]

1. d4 d6 2. c4 e5 3. Nf3 e4 4. Ng5 f5 5. Nc3 g6 6. g3 Bg7 7. h4 Nc6 8. e3 Nf6 9. b3 Ne7 10. Bb2 c6 11. Qd2 h6 12. Nh3 a6 13. Be2 O-O 14. Nf4 b5 15. O-O-O bxc4 16. Bxc4+ d5 17. Be2 Kf7 18. Ba3 Rg8 19. Na4 Bf8 20. Kb1 g5 21. hxg5 hxg5 22. Nh5 Ng6 23. Nxf6 Kxf6 24. Bxf8 Qxf8 25. Rc1 Qd6 26. Qc3 Bb7 27. Nc5 Bc8 28. Qb4 Qc7 29. Na4 Be6 30. Qb6 Rgc8 31. Rh6 Kg7 32. Rch1 Bg8 33. Bxa6 Rab8 34. Qc5 Rf8 35. R6h5 Qd8 36. Be2 Rc8 37. Rc1 Bf7 38. Qb6 Qf6 39. Ba6 Ne7 40. Rh2 Rh8 41. Rch1 Rxh2 42. Rxh2 Rh8 43. Rxh8 Kxh8 44. Qd8+ Kg7 45. Nc5 Bh5 46. Nd7 Qf7 47. Ne5 Qe6 48. Qc7 Kh6 49. Bb7 Be8 50. Qd8 Ng6 51. Nxg6 Qxg6 52. Bc8 Kh5 53. a4 Kg4 54. a5 Kf3 55. a6 Kxf2 56. Qa5 Qh7 57. a7 Qh1+ 58. Kb2 Qd1 59. Qc3 f4 60. exf4 e3 61. a8=Q Bh5 62. Qaa5 gxf4 63. gxf4 e2 64. Qd2 Kf1 65. Bh3+ 1-0

[Event "Quebec op"]
[Site "Montreal CAN"]
[Date "2012.07.22"]
[Round "2"]
[White "Ye, Stephen"]
[Black "Goldner, John"]
[Result "0-1"]
[WhiteElo "1913"]
[BlackElo "1667"]
[PlyCount "38"]
[GameId "2160767909441967"]
[EventDate "2012.07.21"]
[EventType "swiss"]
[EventRounds "9"]
[EventCountry "CAN"]
[SourceTitle "EXT 2022"]
[Source "ChessBase"]
[SourceDate "2021.10.06"]
[SourceVersion "1"]
[SourceVersionDate "2021.10.06"]
[SourceQuality "1"]

1. e4 e5 2. Nf3 Nc6 3. Bb5 a6 4. Ba4 Nf6 5. O-O b5 6. Bb3 Bb7 7. Re1 Bc5 8. c3 Ng4 9. d4 exd4 10. cxd4 Nxd4 11. Nxd4 Qh4 12. Qf3 Bxd4 13. Qxf7+ Kd8 14. Rd1 Bxf2+ 15. Kf1 Nxh2+ 16. Ke2 Qxe4+ 17. Kxf2 Qxg2+ 18. Ke3 Ng4+ 19. Kf4 g5+ 0-1

[Event "Quebec op"]
[Site "Montreal CAN"]
[Date "2012.07.22"]
[Round "2"]
[White "Yu, Zong Yang"]
[Black "Nardone, Raul"]
[Result "1-0"]
[WhiteElo "1943"]
[BlackElo "1870"]
[PlyCount "85"]
[GameId "2160767909441968"]
[EventDate "2012.07.21"]
[EventType "swiss"]
[EventRounds "9"]
[EventCountry "CAN"]
[SourceTitle "EXT 2022"]
[Source "ChessBase"]
[SourceDate "2021.10.06"]
[SourceVersion "1"]
[SourceVersionDate "2021.10.06"]
[SourceQuality "1"]

1. d4 f5 2. Nf3 Nf6 3. b3 e6 4. e3 Bb4+ 5. c3 Be7 6. Bd3 d5 7. O-O O-O 8. a4 Ne4 9. Ba3 Bd7 10. Bxe7 Qxe7 11. b4 Be8 12. Ne5 Nd7 13. Nxd7 Bxd7 14. f3 Nf6 15. Nd2 Kh8 16. f4 Be8 17. Qe1 Bh5 18. Nb3 b6 19. Qh4 Qf7 20. b5 Ne4 21. Bxe4 dxe4 22. Rfb1 Be2 23. Nc1 Bh5 24. Qf2 Qe7 25. Nb3 g5 26. Nd2 Rg8 27. fxg5 Qxg5 28. Kh1 Raf8 29. Rg1 Bg6 30. Raf1 Bh5 31. Nc4 a6 32. Ne5 axb5 33. axb5 Ra8 34. Ra1 Raf8 35. g3 Be8 36. c4 Bh5 37. Ra7 Rg7 38. Qf4 Qxf4 39. gxf4 Rc8 40. c5 Rxg1+ 41. Kxg1 Be2 42. Nd7 Bxb5 43. cxb6 1-0

[Event "Quebec op"]
[Site "Montreal CAN"]
[Date "2012.07.22"]
[Round "2"]
[White "Zhang, Zhiyuan"]
[Black "Munshi, Shawkat"]
[Result "1/2-1/2"]
[WhiteElo "2068"]
[BlackElo "1678"]
[PlyCount "86"]
[GameId "2160767909441969"]
[EventDate "2012.07.21"]
[EventType "swiss"]
[EventRounds "9"]
[EventCountry "CAN"]
[SourceTitle "EXT 2022"]
[Source "ChessBase"]
[SourceDate "2021.10.06"]
[SourceVersion "1"]
[SourceVersionDate "2021.10.06"]
[SourceQuality "1"]

1. d4 Nf6 2. Nf3 e6 3. Bg5 Be7 4. Nbd2 d5 5. e3 Nbd7 6. Bd3 c5 7. c3 a6 8. a4 b6 9. Qe2 Bb7 10. O-O O-O 11. Ne5 h6 12. Bh4 c4 13. Bc2 Nxe5 14. dxe5 Nd7 15. Bxe7 Qxe7 16. f4 f6 17. exf6 Qxf6 18. e4 Nc5 19. e5 Qf7 20. g3 Bc6 21. Qe3 Qc7 22. Nf3 Be8 23. Nd4 Bh5 24. h3 Qf7 25. g4 Bg6 26. f5 exf5 27. gxf5 Bh7 28. Qf3 Qd7 29. Rf2 Rae8 30. Re2 Ne4 31. e6 Qe7 32. Bxe4 dxe4 33. Rxe4 Bxf5 34. Nxf5 Qg5+ 35. Rg4 Rxf5 36. Qe4 Re5 37. Qxc4 Qe3+ 38. Kh2 Qe2+ 39. Qxe2 Rxe2+ 40. Rg2 R8xe6 41. Rf1 g5 42. Rff2 Rxf2 43. Rxf2 Kg7 1/2-1/2

[Event "Quebec op"]
[Site "Montreal CAN"]
[Date "2012.07.22"]
[Round "3"]
[White "Arencibia Rodriguez, Walter"]
[Black "Bruzon Batista, Lazaro"]
[Result "1/2-1/2"]
[WhiteElo "2526"]
[BlackElo "2711"]
[PlyCount "117"]
[GameId "2160767909441970"]
[EventDate "2012.07.21"]
[EventType "swiss"]
[EventRounds "9"]
[EventCountry "CAN"]
[SourceTitle "CBM 149 Extra"]
[Source "ChessBase"]
[SourceDate "2012.08.24"]
[SourceVersion "1"]
[SourceVersionDate "2012.08.24"]
[SourceQuality "1"]

1. d4 Nf6 2. c4 e6 3. Nf3 Bb4+ 4. Bd2 a5 5. g3 d6 6. Bg2 Nbd7 7. O-O e5 8. dxe5 dxe5 9. Nc3 O-O 10. a3 Be7 11. Qc2 c6 12. Rfd1 Qc7 13. Na4 b6 14. h3 Rb8 15. Be3 Ba6 16. Rac1 Rfc8 17. Nd2 g6 18. Nb3 c5 19. Bg5 Nf8 20. Bxf6 Bxf6 21. Nd2 Bg7 22. g4 Ne6 23. e3 Rf8 24. Ne4 f5 25. Nd6 e4 26. Rd5 Bb7 27. Nxb7 Qxb7 28. Rcd1 Rf7 29. Qd2 Qe7 30. Rd7 Qf6 31. Rxf7 Qxf7 32. Qd7 Rd8 33. Qxf7+ Kxf7 34. Rd5 Rxd5 35. cxd5 Nc7 36. Bf1 Ne8 37. gxf5 gxf5 38. b3 Nd6 39. Nxb6 Bb2 40. a4 Ke7 41. Kg2 h6 42. Bb5 Bc1 43. Kg3 Bb2 44. Kf4 Bf6 45. Bd7 Bg5+ 46. Kg3 h5 47. h4 Bf6 48. Kf4 Bxh4 49. Bxf5 Bxf2 50. Bxe4 h4 51. Bg2 Kd8 52. Bh3 Kc7 53. Nd7 c4 54. bxc4 Nxc4 55. e4 Bg3+ 56. Kg5 Kd6 57. Nb8 Ne5 58. Kf5 Be1 59. Nc6 1/2-1/2

[Event "Quebec op"]
[Site "Montreal CAN"]
[Date "2012.07.22"]
[Round "3"]
[White "Arsenault, Nicolas"]
[Black "Forget, Luc"]
[Result "1-0"]
[WhiteElo "2106"]
[BlackElo "2000"]
[PlyCount "99"]
[GameId "2160767909441971"]
[EventDate "2012.07.21"]
[EventType "swiss"]
[EventRounds "9"]
[EventCountry "CAN"]
[SourceTitle "EXT 2022"]
[Source "ChessBase"]
[SourceDate "2021.10.06"]
[SourceVersion "1"]
[SourceVersionDate "2021.10.06"]
[SourceQuality "1"]

1. e4 e5 2. Nf3 Nc6 3. Nc3 Nf6 4. g3 g6 5. d4 exd4 6. Nxd4 Bg7 7. Nxc6 dxc6 8. Qxd8+ Kxd8 9. Bg2 Be6 10. O-O a5 11. Be3 a4 12. a3 Kc8 13. h3 Nd7 14. f4 f5 15. e5 Nb6 16. Bxb6 cxb6 17. Rfd1 Bf8 18. Ne2 Bc5+ 19. Kh2 h5 20. Nd4 Re8 21. Rd2 Kc7 22. Rad1 Bxd4 23. Rxd4 b5 24. Rd6 Rad8 25. Bf3 Bc4 26. Rxg6 Rxd1 27. Bxd1 Rd8 28. Rd6 Rxd6 29. exd6+ Kxd6 30. Bxh5 c5 31. Bg6 Ke6 32. c3 Kf6 33. Bh5 Bf1 34. Bf3 b6 35. g4 fxg4 36. hxg4 Bd3 37. Kg3 b4 38. cxb4 cxb4 39. axb4 Ke6 40. Kf2 Bc2 41. Ke3 Bb3 42. Kd4 Kf6 43. Be4 Ke6 44. g5 Kd6 45. Bh7 Bd1 46. Bg8 Bc2 47. Bc4 Bb1 48. Bd3 Ba2 49. Bc2 b5 50. Bd3 1-0

[Event "Quebec op"]
[Site "Montreal CAN"]
[Date "2012.07.22"]
[Round "3"]
[White "Auger, Bertrand"]
[Black "Plante, Michel"]
[Result "1-0"]
[WhiteElo "1928"]
[BlackElo "2084"]
[PlyCount "129"]
[GameId "2160767909441972"]
[EventDate "2012.07.21"]
[EventType "swiss"]
[EventRounds "9"]
[EventCountry "CAN"]
[SourceTitle "EXT 2022"]
[Source "ChessBase"]
[SourceDate "2021.10.06"]
[SourceVersion "1"]
[SourceVersionDate "2021.10.06"]
[SourceQuality "1"]

1. Nf3 d6 2. g3 e5 3. d3 g6 4. c4 Nd7 5. Bg2 a5 6. Nc3 c6 7. O-O Nc5 8. Be3 Qc7 9. d4 Nd7 10. Qd2 Ne7 11. Bh6 Bxh6 12. Qxh6 Nf5 13. Qd2 h5 14. e4 Ne7 15. Rad1 Nb6 16. b3 Bg4 17. c5 dxc5 18. dxc5 Nd7 19. Qe3 O-O 20. h3 Bxf3 21. Bxf3 Kg7 22. Be2 Rfd8 23. Rd2 Nf8 24. Rfd1 Ne6 25. Bc4 Rxd2 26. Rxd2 Nd4 27. Ne2 Nxe2+ 28. Qxe2 Rd8 29. Qd1 Rxd2 30. Qxd2 Nc8 31. a3 h4 32. g4 f6 33. Be6 Na7 34. a4 Qe7 35. Bc4 Qc7 36. g5 Nc8 37. gxf6+ Kxf6 38. Qh6 Ne7 39. Qxh4+ Kg7 40. Qg5 Nc8 41. h4 Qe7 42. Qg4 b5 43. Be6 bxa4 44. bxa4 Qxc5 45. Bxc8 Kf7 46. Be6+ Kf6 47. Bb3 Qc3 48. Qg5+ Kg7 49. Qg3 Qb4 50. Qd3 Qe7 51. Qg3 Kh7 52. Kg2 Qb4 53. Qf3 Kh6 54. h5 gxh5 55. Bd1 Kg7 56. Qg3+ Kf6 57. Qh4+ Ke6 58. Qh3+ Kd6 59. Qf5 Qd4 60. Bxh5 Kc5 61. Be8 Qd6 62. Qg6 Qc7 63. Qe6 Qg7+ 64. Kf3 Qf8+ 65. Ke2 1-0

[Event "Quebec op"]
[Site "Montreal CAN"]
[Date "2012.07.22"]
[Round "3"]
[White "Barre, Michel"]
[Black "Bergeron, Rene"]
[Result "1-0"]
[WhiteElo "1882"]
[BlackElo "1780"]
[PlyCount "77"]
[GameId "2160767909441973"]
[EventDate "2012.07.21"]
[EventType "swiss"]
[EventRounds "9"]
[EventCountry "CAN"]
[SourceTitle "hb 2012"]

1. d4 d5 2. Nf3 e6 3. g3 Nf6 4. Bg2 c6 5. c4 Be7 6. O-O O-O 7. b3 Nbd7 8. Bb2 Ne4 9. Qc2 Bf6 10. Nbd2 Nxd2 11. Nxd2 Re8 12. f4 g6 13. e4 dxe4 14. Nxe4 Bg7 15. Rad1 Qe7 16. h3 Nf6 17. Nf2 Bd7 18. Rfe1 Qb4 19. Nd3 Qa5 20. Bc3 Qc7 21. Kh2 Rad8 22. Qb2 b6 23. Ne5 Nh5 24. Qf2 c5 25. dxc5 bxc5 26. Rd3 Bc8 27. Red1 Rxd3 28. Rxd3 Rd8 29. Rxd8+ Qxd8 30. Qxc5 Bf8 31. Qxa7 Qf6 32. Qe3 Qe7 33. a4 Bb7 34. Qa7 Bxg2 35. Qxe7 Bxe7 36. Kxg2 Nf6 37. Nc6 Ne4 38. Nxe7+ Kf8 39. Bb4 1-0

[Event "Quebec op"]
[Site "Montreal CAN"]
[Date "2012.07.22"]
[Round "3"]
[White "Beaulieu, Pierre"]
[Black "Khashper, Arkady"]
[Result "0-1"]
[WhiteElo "1901"]
[BlackElo "2113"]
[PlyCount "43"]
[GameId "2160767909441974"]
[EventDate "2012.07.21"]
[EventType "swiss"]
[EventRounds "9"]
[EventCountry "CAN"]
[SourceTitle "hb 2012"]

1. e4 e6 2. Nf3 d5 3. exd5 exd5 4. d4 Bg4 5. Be2 Nf6 6. h3 Bh5 7. Be3 Bd6 8. Nbd2 Nbd7 9. c4 c6 10. c5 Bc7 11. b4 O-O 12. O-O Qe7 13. b5 Ne4 14. Nxe4 dxe4 15. Ne1 Bxe2 16. Qxe2 f5 17. bxc6 bxc6 18. f4 Nf6 19. Nc2 Nd5 20. Qc4 Kh8 21. Qa6 Qd7 22. Rab1 0-1

[Event "Quebec op"]
[Site "Montreal CAN"]
[Date "2012.07.22"]
[Round "3"]
[White "Berube, Antoine"]
[Black "Bojkov, Dejan"]
[Result "0-1"]
[WhiteElo "2152"]
[BlackElo "2556"]
[PlyCount "136"]
[GameId "2160767909441975"]
[EventDate "2012.07.21"]
[EventType "swiss"]
[EventRounds "9"]
[EventCountry "CAN"]
[SourceTitle "CBM 149 Extra"]
[Source "ChessBase"]
[SourceDate "2012.08.24"]
[SourceVersion "1"]
[SourceVersionDate "2012.08.24"]
[SourceQuality "1"]

1. d4 Nf6 2. c4 g6 3. Nc3 Bg7 4. e4 O-O 5. Be3 d6 6. f3 c5 7. Nge2 Nc6 8. d5 Ne5 9. Ng3 e6 10. Be2 exd5 11. cxd5 h5 12. O-O Nh7 13. Qd2 h4 14. Nh1 f5 15. exf5 gxf5 16. Nf2 a6 17. a4 Re8 18. Bh6 Bf6 19. Rfe1 Kh8 20. Kh1 Rg8 21. Be3 Bd7 22. Nh3 Qf8 23. Nf4 Qf7 24. a5 Rae8 25. Na4 Bb5 26. Nb6 Ng5 27. h3 Re7 28. Bf2 Qh7 29. Qc2 Reg7 30. Rg1 Ng6 31. Nxg6+ Qxg6 32. Bd3 Bxd3 33. Qxd3 Bxb2 34. Rab1 Be5 35. Nc4 Bf4 36. Ne3 Rf7 37. Rb6 Nh7 38. Qc3+ Be5 39. Qb3 Rgg7 40. Nc4 Bf4 41. Qb2 Kg8 42. Bxh4 Nf8 43. Re1 Qh5 44. Bf2 Qg5 45. Bg1 Rg6 46. Re2 Rh7 47. Qb1 Re7 48. Qf1 Reg7 49. Reb2 Nd7 50. Rxb7 Nf6 51. Rxg7+ Rxg7 52. Qe2 Nh5 53. Qe8+ Kh7 54. g4 Nf6 55. Qe6 fxg4 56. fxg4 Qxd5+ 57. Qxd5 Nxd5 58. Bh2 Rc7 59. Nb6 Rb7 60. Nxd5 Rxb2 61. Bxf4 c4 62. h4 Rb5 63. Nc3 Rb3 64. Nd5 Rd3 65. Nf6+ Kg6 66. g5 Kf5 67. h5 Kxf4 68. g6 c3 0-1

[Event "Quebec op"]
[Site "Montreal CAN"]
[Date "2012.07.22"]
[Round "3"]
[White "Calugar, Arthur"]
[Black "Perez Garcia, Rodney Oscar"]
[Result "0-1"]
[WhiteElo "2273"]
[BlackElo "2412"]
[PlyCount "116"]
[GameId "2160767909441976"]
[EventDate "2012.07.21"]
[EventType "swiss"]
[EventRounds "9"]
[EventCountry "CAN"]
[SourceTitle "CBM 149 Extra"]
[Source "ChessBase"]
[SourceDate "2012.08.24"]
[SourceVersion "1"]
[SourceVersionDate "2012.08.24"]
[SourceQuality "1"]

1. e4 e5 2. Nf3 Nc6 3. Bb5 Bc5 4. O-O Nge7 5. c3 Bb6 6. d4 exd4 7. cxd4 d5 8. exd5 Nxd5 9. Ne5 O-O 10. Nxc6 bxc6 11. Bxc6 Rb8 12. Nc3 Ne7 13. Be4 Qxd4 14. Qc2 h6 15. Bf4 Be6 16. Rfd1 Qf6 17. Bg3 Nf5 18. Nd5 Bxd5 19. Bxf5 Bd4 20. Rxd4 Qxd4 21. Rd1 Qc4 22. Qxc4 Bxc4 23. b3 Rbd8 24. Rc1 Bd3 25. Bh3 Rd5 26. f3 Bf5 27. Bxf5 Rxf5 28. Rxc7 a5 29. Kf1 Rd5 30. Be1 Rd1 31. Kf2 Ra1 32. Rc2 Ra8 33. Bc3 Rc8 34. Ke3 Rd1 35. a3 Rb1 36. b4 Rb3 37. Kd2 a4 38. Bb2 Rxc2+ 39. Kxc2 f6 40. Bc1 Kf7 41. Bb2 Ke6 42. Bc1 h5 43. h4 Ke5 44. Kd1 Kd4 45. Kc2 Kc4 46. Bb2 Re3 47. Kd2 Re8 48. g4 hxg4 49. fxg4 Re4 50. g5 fxg5 51. hxg5 g6 52. Bf6 Rg4 53. b5 Rg2+ 54. Ke3 Rg3+ 55. Ke4 Rxa3 56. Ke5 Re3+ 57. Kf4 Re6 58. b6 Rxb6 0-1

[Event "Quebec op"]
[Site "Montreal CAN"]
[Date "2012.07.22"]
[Round "3"]
[White "Carrier, Claude"]
[Black "Robidas, Francois"]
[Result "1/2-1/2"]
[WhiteElo "2197"]
[BlackElo "1994"]
[PlyCount "111"]
[GameId "2160767909441977"]
[EventDate "2012.07.21"]
[EventType "swiss"]
[EventRounds "9"]
[EventCountry "CAN"]
[SourceTitle "EXT 2022"]
[Source "ChessBase"]
[SourceDate "2021.10.06"]
[SourceVersion "1"]
[SourceVersionDate "2021.10.06"]
[SourceQuality "1"]

1. e4 d5 2. exd5 Qxd5 3. Nc3 Qd6 4. d4 Nf6 5. Nf3 Bg4 6. Be3 e6 7. Qd2 Nc6 8. Be2 a6 9. O-O Be7 10. Rad1 O-O 11. Bf4 Qd8 12. Ne5 Bxe2 13. Nxc6 bxc6 14. Qxe2 Bd6 15. Bg5 h6 16. Bh4 g5 17. Bg3 Qe7 18. f4 Nd5 19. Nxd5 cxd5 20. Qh5 Qf6 21. fxg5 Qxg5 22. Qxg5+ hxg5 23. Bxd6 cxd6 24. a4 Rab8 25. b3 f5 26. Rfe1 Kf7 27. Rd3 Kf6 28. Rde3 Rfe8 29. Rh3 Rh8 30. Ree3 Rxh3 31. Rxh3 f4 32. Rc3 Rb6 33. Kf2 Kf5 34. g3 e5 35. gxf4 gxf4 36. Rc8 e4 37. Rf8+ Kg4 38. Rg8+ Kf5 39. Rf8+ Kg6 40. Rg8+ Kf5 41. Rf8+ Kg6 42. Rxf4 Rc6 43. c4 dxc4 44. bxc4 Rxc4 45. Rxe4 Kf5 46. Kf3 Rxa4 47. Rf4+ Kg5 48. h4+ Kg6 49. Ke4 Ra5 50. Rf2 Kh5 51. Rh2 Kg4 52. Kd3 d5 53. Kc3 Kh5 54. Kb4 Rb5+ 55. Ka4 Rb1 56. Ka5 1/2-1/2

[Event "Quebec op"]
[Site "Montreal CAN"]
[Date "2012.07.22"]
[Round "3"]
[White "Gagnon, Serge"]
[Black "Malveau, Cedric"]
[Result "1/2-1/2"]
[WhiteElo "2027"]
[BlackElo "1951"]
[PlyCount "71"]
[GameId "2160767909441978"]
[EventDate "2012.07.21"]
[EventType "swiss"]
[EventRounds "9"]
[EventCountry "CAN"]
[SourceTitle "EXT 2022"]
[Source "ChessBase"]
[SourceDate "2021.10.06"]
[SourceVersion "1"]
[SourceVersionDate "2021.10.06"]
[SourceQuality "1"]

1. d4 d5 2. c4 c6 3. Nf3 Nf6 4. Nc3 e6 5. Bg5 dxc4 6. e4 b5 7. e5 h6 8. Bh4 g5 9. Nxg5 hxg5 10. Bxg5 Nbd7 11. Qf3 Qb6 12. Bxf6 Nxf6 13. Qxf6 Rh7 14. Rd1 Be7 15. Qf4 Bb7 16. Be2 O-O-O 17. O-O f5 18. Bf3 Rg8 19. Ne2 Bg5 20. Qg3 Qd8 21. h3 Rh4 22. Qh2 Rgh8 23. a4 a6 24. axb5 axb5 25. Ra1 Qg8 26. Kh1 R8h7 27. Qg3 Rg7 28. Ra2 Qh8 29. Rfa1 Kb8 30. Qh2 Rgh7 31. Kg1 Qg8 32. Kf1 Bd8 33. Nf4 Bg5 34. Ne2 Bd8 35. Nf4 Bg5 36. Ne2 1/2-1/2

[Event "Quebec op"]
[Site "Montreal CAN"]
[Date "2012.07.22"]
[Round "3"]
[White "Gerzhoy, Leonid"]
[Black "Masse, Hugues"]
[Result "1-0"]
[WhiteElo "2459"]
[BlackElo "2232"]
[PlyCount "137"]
[GameId "2160767909441979"]
[EventDate "2012.07.21"]
[EventType "swiss"]
[EventRounds "9"]
[EventCountry "CAN"]
[SourceTitle "CBM 149 Extra"]
[Source "ChessBase"]
[SourceDate "2012.08.24"]
[SourceVersion "1"]
[SourceVersionDate "2012.08.24"]
[SourceQuality "1"]

1. d4 Nf6 2. c4 g6 3. Nc3 d5 4. Nf3 Bg7 5. cxd5 Nxd5 6. e4 Nxc3 7. bxc3 c5 8. Rb1 O-O 9. Be2 cxd4 10. cxd4 Qa5+ 11. Bd2 Qxa2 12. O-O b6 13. Qc1 Qe6 14. Bc4 Qxe4 15. Bxf7+ Rxf7 16. Qxc8+ Rf8 17. Qc4+ e6 18. Rbc1 Qd5 19. Rfe1 Nd7 20. Qxd5 exd5 21. Rc7 Nf6 22. Ree7 Bh8 23. Rxa7 Rxa7 24. Rxa7 Rf7 25. Ra8+ Rf8 26. Ra7 Rf7 27. Ra6 Nd7 28. Ra8+ Rf8 29. Ra7 Nb8 30. Rb7 Nc6 31. Be3 Rb8 32. Rc7 Nd8 33. Rd7 b5 34. Rxd5 b4 35. Nd2 Ne6 36. Nb3 Rd8 37. Rxd8+ Nxd8 38. Kf1 Kf7 39. d5 Be5 40. Ke2 Ke7 41. Kd3 Kd6 42. f4 Bc3 43. Kc4 Nb7 44. g4 h5 45. h3 hxg4 46. hxg4 Be1 47. Bd4 Bc3 48. Bb6 Ke7 49. Bc7 Kd7 50. Be5 Nd6+ 51. Kd3 Be1 52. Nc5+ Ke7 53. Ne4 Nxe4 54. Kxe4 Bg3 55. Bb2 b3 56. f5 gxf5+ 57. gxf5 Bh4 58. Be5 Bg5 59. Kd3 Bc1 60. Kc3 b2 61. Kc2 Kd7 62. Bxb2 Bf4 63. Kd3 Kd6 64. Ke4 Bg3 65. f6 Bh4 66. Ba3+ Kd7 67. f7 Be7 68. f8=Q Bxf8 69. Bxf8 1-0

[Event "Quebec op"]
[Site "Montreal CAN"]
[Date "2012.07.22"]
[Round "3"]
[White "Gilbert, Erick"]
[Black "Ye, Stephen"]
[Result "0-1"]
[WhiteElo "1808"]
[BlackElo "1913"]
[PlyCount "96"]
[GameId "2160767909441980"]
[EventDate "2012.07.21"]
[EventType "swiss"]
[EventRounds "9"]
[EventCountry "CAN"]
[SourceTitle "EXT 2022"]
[Source "ChessBase"]
[SourceDate "2021.10.06"]
[SourceVersion "1"]
[SourceVersionDate "2021.10.06"]
[SourceQuality "1"]

1. Nf3 Nf6 2. c4 g6 3. Nc3 Bg7 4. g3 O-O 5. Bg2 d6 6. d4 Nc6 7. O-O a6 8. Re1 Rb8 9. Bg5 h6 10. Bd2 e5 11. d5 Ne7 12. e4 Nd7 13. b4 f5 14. Qc1 Kh7 15. Rb1 Nf6 16. Nh4 g5 17. Nxf5 Nxf5 18. exf5 Bxf5 19. Ne4 Qd7 20. Nxf6+ Rxf6 21. Be4 Bxe4 22. Rxe4 Qf5 23. Qe1 g4 24. c5 Rbf8 25. Re2 h5 26. cxd6 cxd6 27. b5 axb5 28. Rxb5 R8f7 29. Be3 Bh6 30. Bxh6 Kxh6 31. Qb1 Qf3 32. Reb2 b6 33. Qe1 Rf5 34. Qd2+ Kg6 35. Rxb6 R5f6 36. R6b3 Qf5 37. Rb8 Kg7 38. Qe3 e4 39. R8b7 Qxf2+ 40. Qxf2 Rxf2 41. Rxf7+ Rxf7 42. Re2 Re7 43. Kf2 Kf6 44. Ke3 Ke5 45. h3 Rf7 46. hxg4 hxg4 47. Rf2 Rf3+ 48. Ke2 Rxg3 0-1